| 000 | 00963nam a2200301 a 4500 | ||
|---|---|---|---|
| 001 | vtls000274062 | ||
| 003 | NLI | ||
| 005 | 20210602123622.0 | ||
| 008 | 101203s1979 nyufa 001 0beng | ||
| 020 |
_a0297775782 : _cPND 19.95 |
||
| 039 | 9 |
_y201012031751 _zVLOAD |
|
| 040 | 0 |
_aNLI _beng _cDatasoft 1 _eAACR2 |
|
| 041 | 0 | _aeng | |
| 044 | _anyu | ||
| 082 | 0 | 4 | _a848.91 |
| 100 | 1 |
_aLottman, Herbert R. _9294592 |
|
| 245 | 1 | 0 |
_aAlbert Camus : _ba biography / _cHerbert R. Lottman |
| 260 |
_aGarden City, N.Y. : _bDoubleday, _cc1979 |
||
| 300 |
_axii, 753 p., [8] leaves of plates : _bill. ; _c24 cm. |
||
| 504 | _aIncludes bibliographical references and index | ||
| 600 | 1 | 0 |
_aCamus, Albert, _d1913-1960 _9110153 |
| 650 | 0 |
_aAuthors, French _y20th century _xBiography _9173990 |
|
| 650 | 0 |
_aAuthors, Algerian _y20th century _xBiography _9373237 |
|
| 887 | _a | ||
| 901 |
_a470842 _b31.07.1981 |
||
| 902 | _aE/O 848.91 L 918 | ||
| 999 |
_aVIRTUA40 _c232995 _d232995 |
||
| 942 |
_2ddc _cBKS |
||